LIBRARY ONLINE CATALOGUE

Scripture and worship: (Record no. 19602)

MARC details
000 -LEADER
fixed length control field 00660nam a22001937a 4500
008 - FIXED-LENGTH DATA ELEMENTS--GENERAL INFORMATION
fixed length control field 220929b |||||||| |||| 00| 0 eng d
020 ## - INTERNATIONAL STANDARD BOOK NUMBER
International Standard Book Number 1596380721
050 ## - LIBRARY OF CONGRESS CALL NUMBER
Classification number BX9183
Item number .M85 2007
100 ## - MAIN ENTRY--PERSONAL NAME
Personal name Muller, Richard A.
245 ## - TITLE STATEMENT
Title Scripture and worship:
Remainder of title Biblical interpretation and the directory for public worship/
Statement of responsibility, etc. Richard A. Muller & Rowland S. Ward
260 ## - PUBLICATION, DISTRIBUTION, ETC. (IMPRINT)
Place of publication, distribution, etc. Phillipsburg, New Jersey
Name of publisher, distributor, etc. P& R publishing
Date of publication, distribution, etc. 2007
300 ## - PHYSICAL DESCRIPTION
Extent x, 181p.
650 ## - SUBJECT ADDED ENTRY--TOPICAL TERM
Topical term or geographic name as entry element Westminster confession of faith
650 ## - SUBJECT ADDED ENTRY--TOPICAL TERM
Topical term or geographic name as entry element Presbyterian church
Form subdivision Doctrines
650 ## - SUBJECT ADDED ENTRY--TOPICAL TERM
Topical term or geographic name as entry element Reformed church
Form subdivision Doctrines
650 ## - SUBJECT ADDED ENTRY--TOPICAL TERM
Topical term or geographic name as entry element Public worship
700 ## - ADDED ENTRY--PERSONAL NAME
Personal name Ward, Rowlands S.
942 ## - ADDED ENTRY ELEMENTS (KOHA)
Source of classification or shelving scheme Library of Congress Classification
Koha item type General Collection
Holdings
Withdrawn status Lost status Source of classification or shelving scheme Not for loan Home library Current library Date acquired Cost, normal purchase price Inventory number Total Checkouts Full call number Barcode Date last seen Copy number Price effective from Koha item type Source of acquisition
    Library of Congress Classification   Kabarak, Main Campus Kabarak, Main Campus 29/09/2022 900.00 0602/2022   BX9183 .M85 2007 C.1 032033 29/09/2022 C.1 29/09/2022 General Collection  
    Library of Congress Classification   Kabarak, Main Campus Kabarak, Main Campus 29/09/2022   2025/3612   BX9183 .M85 2007 C.2 39808 16/03/2026 C.2 29/09/2022 General Collection Donation